Statistics for US Knowledge

Click here to take the quiz!

General Stats

  • This quiz has been taken 9 times
  • The average score is 9 of 15

Answer Stats

HintAnswer% Correct
What country gifted us the NY Statue of Liberty?France
100%
Which US President resigned from office?Richard Nixon
89%
When did the US join WWII?1941
78%
Who was the 16th President?Abraham Lincoln
78%
Who is America named after?Amerigo Vespucci
78%
Who helped the US during the American Revolution?France
78%
Who was the leading general of the Confederacy?Robert E. Lee
78%
When did the Civil War end?1865
56%
Who served for a Presidential term, lost the next one, then won againGrover Cleveland
56%
Who was George Washington's vice presidentJohn Adams
56%
Who was the second president to be assassinated?James A. Garfield
44%
Who explored the Louisiana Purchased land? (Need both names)Lewis and Clark
44%
Who created the atom bomb?J. Robert Oppenheimer
33%
Who is known to be the worst President in US history? (Genocidal Maniac)Andrew Jackson
22%
Who wrote the Constitution? ("Father of the Convention")James Madison
22%

Score Distribution

Percentile by Number Answered

Percent of People with Each Score

Your Score History

You have not taken this quiz